| 000 | 00492 a2200181 4500 | ||
|---|---|---|---|
| 999 |
_c183110 _d183110 |
||
| 005 | 20211216152732.0 | ||
| 010 | _aENG-130378 | ||
| 020 | _c250.00 | ||
| 035 | _aEN-113910 | ||
| 037 | _bDBAD / PUB | ||
| 082 | _a510 | ||
| 100 | _aPrasad, R.V. | ||
| 245 |
_aQuicker Competitive Mathematics: _cR.V. Prasad |
||
| 260 |
_bDeepti Book House _aMusum Road _c2016 |
||
| 270 |
_b2016 _aMusum Road, Vijayawada |
||
| 300 |
_a472p. _c21cm (pbk) |
||
| 942 |
_adpl _cEN _2ddc _h510 _mPRA |
||